<?xml version="1.0" encoding="UTF-8"?><?xml-stylesheet type="text/xsl" href="static/style.xsl"?><OAI-PMH xmlns="http://www.openarchives.org/OAI/2.0/" xmlns:xsi="http://www.w3.org/2001/XMLSchema-instance" xsi:schemaLocation="http://www.openarchives.org/OAI/2.0/ http://www.openarchives.org/OAI/2.0/OAI-PMH.xsd"><responseDate>2026-06-07T23:41:40Z</responseDate><request verb="GetRecord" identifier="oai:docta.ucm.es:20.500.14352/109914" metadataPrefix="marc">https://docta.ucm.es/rest/oai/request</request><GetRecord><record><header><identifier>oai:docta.ucm.es:20.500.14352/109914</identifier><datestamp>2025-03-18T13:24:55Z</datestamp><setSpec>com_20.500.14352_14</setSpec><setSpec>col_20.500.14352_15</setSpec></header><metadata><record xmlns="http://www.loc.gov/MARC21/slim" xmlns:dcterms="http://purl.org/dc/terms/" xmlns:xsi="http://www.w3.org/2001/XMLSchema-instance" xmlns:doc="http://www.lyncode.com/xoai" xsi:schemaLocation="http://www.loc.gov/MARC21/slim http://www.loc.gov/standards/marcxml/schema/MARC21slim.xsd">
   <leader>00925njm 22002777a 4500</leader>
   <datafield ind2=" " ind1=" " tag="042">
      <subfield code="a">dc</subfield>
   </datafield>
   <datafield ind2=" " ind1=" " tag="720">
      <subfield code="a">Betrisey Nadali, Débora</subfield>
      <subfield code="e">author</subfield>
   </datafield>
   <datafield ind2=" " ind1=" " tag="260">
      <subfield code="c">2022-04-18</subfield>
   </datafield>
   <datafield ind2=" " ind1=" " tag="520">
      <subfield code="a">En los últimos años son múltiples los estudios académicos que dieron cuenta de las características sociodemográficas de la emigración española contemporánea hacia diversas capitales europeas y latinoamericanas. Este artículo analiza desde una perspectiva etnográfica a un grupo específico que participa activamente en dicho fenómeno, hombres y mujeres entre 20 y 40 años nacidos en España con formación universitaria, que migraron a la ciudad de Edimburgo en el periodo 2010-2019. A partir del entramado, tanto de factores subjetivos como de reflexiones teóricas antropológicas sobre el tema, nos proponemos analizar las circunstancias sociohistóricas que motivaron el traslado de este sector social a la ciudad de Edimburgo, así como las diversas formas de «ganarse la vida». Para ello, durante el año 2018 y 2019 hemos utilizado varios itinerarios de investigación —observación participante, entrevistas en profundidad— con el fin de adquirir cierta profundidad diacrónica sobre sus prácticas, disposiciones, valoraciones, trayectorias migratorias y laborales. Este análisis nos permite indagar en las experiencias de trabajo de dicho sector en la ciudad de Edimburgo y en las redes de solidaridad y las tramas colectivas que generan en un determinado tiempo y espacio, para realizar reivindicaciones en torno a las condiciones restrictivas en las que sostienen su vida cotidiana en dicha ciudad. A su vez, esto nos abre la posibilidad de explorar dos procesos organizativos —como trabajadores y migrantes— atendiendo a las dificultades y contingencias particulares —transformaciones, reconfiguraciones— que atraviesan en su conformación política y cultural como grupo de lucha</subfield>
   </datafield>
   <datafield ind1="8" ind2=" " tag="024">
      <subfield code="a">Betrisey, D. (2024) "Migración, trabajo precario y políticas reivindicativas de españoles en Edimburgo (2010-2019)", AIBR, Revista de Antropologia Iberoamericana, 19(01). doi:10.11156/aibr.190107</subfield>
   </datafield>
   <datafield ind1="8" ind2=" " tag="024">
      <subfield code="a">1695-9752</subfield>
   </datafield>
   <datafield ind1="8" ind2=" " tag="024">
      <subfield code="a">10.11156/aibr.190107</subfield>
   </datafield>
   <datafield ind1="8" ind2=" " tag="024">
      <subfield code="a">https://hdl.handle.net/20.500.14352/109914</subfield>
   </datafield>
   <datafield ind1="8" ind2=" " tag="024">
      <subfield code="a">1578-9705</subfield>
   </datafield>
   <datafield ind1="8" ind2=" " tag="024">
      <subfield code="a">https://doi.org/10.11156/aibr.190107</subfield>
   </datafield>
   <datafield ind1="8" ind2=" " tag="024">
      <subfield code="a">https://recyt.fecyt.es/index.php/AIBR/article/view/106221</subfield>
   </datafield>
   <datafield ind1="8" ind2=" " tag="024">
      <subfield code="a">https://dialnet.unirioja.es/servlet/articulo?codigo=9440503</subfield>
   </datafield>
   <datafield ind2="0" ind1="0" tag="245">
      <subfield code="a">Migración, trabajo precario y políticas reivindicativas de españoles en Edimburgo (2010-2019)</subfield>
   </datafield>
</record></metadata></record></GetRecord></OAI-PMH>